Komplementbindungsversuche bei Lymphogranuloma inguinale
Elmentve itt :
| Szerzők: | |
|---|---|
| Dokumentumtípus: | Cikk |
| Megjelent: |
1937
|
| Sorozat: | Kolligátum
|
| Kulcsszavak: | Bőrgyógyászat |
| Online Access: | http://misc.bibl.u-szeged.hu/24934 |
| LEADER | 00590nab a2200181 i 4500 | ||
|---|---|---|---|
| 001 | misc24934 | ||
| 005 | 20191108150305.0 | ||
| 008 | 170929s1937 hu o 0|| zxx d | ||
| 040 | |a SZTE Miscellanea Repozitórium |b hun | ||
| 041 | |a zxx | ||
| 100 | 1 | |a Melczer Miklós | |
| 245 | 1 | 0 | |a Komplementbindungsversuche bei Lymphogranuloma inguinale |h [elektronikus dokumentum] / |c Melczer Miklós |
| 260 | |c 1937 | ||
| 300 | |a 176-183 | ||
| 490 | 0 | |a Kolligátum | |
| 695 | |a Bőrgyógyászat | ||
| 700 | 0 | 1 | |a Sipos Károly |e aut |
| 856 | 4 | 0 | |u http://misc.bibl.u-szeged.hu/24934/1/014_002_176-183.pdf |z Dokumentum-elérés |